Normal view
MARC view
Entry Topical Term
001 - CONTROL NUMBER
- control field: 20977
003 - CONTROL NUMBER IDENTIFIER
- control field: ARRUPE
005 - DATE AND TIME OF LATEST TRANSACTION
- control field: 20151104145208.0
008 - FIXED-LENGTH DATA ELEMENTS
- fixed length control field: 151104|| aca||aabn | a|a d
040 ## - CATALOGING SOURCE
- Original cataloging agency: ARRUPE
- Transcribing agency: ARRUPE
150 ## - HEADING--TOPICAL TERM
- Topical term or geographic name as entry element: Christian church
- General subdivision: Palestine
670 ## - SOURCE DATA FOUND
- Source citation: Work cat.: (ARRUPE): Rossi, Bernardo editor 20975, The Custody of the holy land , 1981